Structure and evolution of close binary systems (Record no. 5562)

MARC details
000 -LEADER
fixed length control field 00767nam a2200241Ia 4500
003 - CONTROL NUMBER IDENTIFIER
control field IN-BaIIA
008 - FIXED-LENGTH DATA ELEMENTS--GENERAL INFORMATION
fixed length control field 211028s9999 xx 000 0 eng d
020 ## - INTERNATIONAL STANDARD BOOK NUMBER
International Standard Book Number 90-277-0682-4
040 ## - CATALOGING SOURCE
Transcribing agency IIA Library
080 ## - UNIVERSAL DECIMAL CLASSIFICATION NUMBER
Universal Decimal Classification number 082.2:52
Item number IAU-S73
245 #0 - TITLE STATEMENT
Title Structure and evolution of close binary systems
Statement of responsibility, etc. edited by Peter Eggleton, Simon Mitton, and John Whelan.
260 ## - PUBLICATION, DISTRIBUTION, ETC.
Place of publication, distribution, etc. Dordrecht
Name of publisher, distributor, etc. D. Reidel Publishing
Date of publication, distribution, etc. 1976
300 ## - PHYSICAL DESCRIPTION
Extent xii, 414p.
650 ## - SUBJECT ADDED ENTRY--TOPICAL TERM
Topical term or geographic name entry element Astronomy and Astrophysics Thesaurus
650 ## - SUBJECT ADDED ENTRY--TOPICAL TERM
Topical term or geographic name entry element Binary systems
9 (RLIN) 1186
650 ## - SUBJECT ADDED ENTRY--TOPICAL TERM
Topical term or geographic name entry element Close binary stars
9 (RLIN) 3592
650 ## - SUBJECT ADDED ENTRY--TOPICAL TERM
Topical term or geographic name entry element Stellar evolution
650 ## - SUBJECT ADDED ENTRY--TOPICAL TERM
Topical term or geographic name entry element Stellar structure
700 ## - ADDED ENTRY--PERSONAL NAME
Personal name Eggleton, Peter., ed.
9 (RLIN) 9669
700 ## - ADDED ENTRY--PERSONAL NAME
Personal name Mitton, Simon., ed.
9 (RLIN) 9670
700 ## - ADDED ENTRY--PERSONAL NAME
Personal name Whelan, John., ed.
9 (RLIN) 9671
942 ## - ADDED ENTRY ELEMENTS (KOHA)
Koha item type Books
Holdings
Withdrawn status Lost status Damaged status Not for loan Home library Current library Shelving location Date acquired Total Checkouts Full call number Barcode Date last seen Price effective from Koha item type
        IIA Library-Bangalore IIA Library-Bangalore General Stacks 27/09/1977   082.2:52/ IAU-S73 6226 05/11/2021 27/09/1977 Books

Powered by Koha